2022-23 Bundesliga First XI - Statistics

General Stats
  • This quiz has been taken 661 times
  • The average score is 79 of 198
Answer Stats
Team Player % Correct
Bayern Munich Manuel Neuer
91%
Bayern Munich Alphonso Davies
88%
Bayern Munich Sadio Mané
87%
Bayern Munich Dayot Upamecano
86%
Stuttgart Florian Müller
86%
Bayern Munich Thomas Müller
86%
Borussia Mönchengladbach Yann Sommer
85%
Bayern Munich Benjamin Pavard
84%
Bayern Munich Joshua Kimmich
84%
Bayern Munich Serge Gnabry
84%
Mainz Stefan Bell
81%
Bayern Munich Marcel Sabitzer
80%
Borussia Dortmund Gregor Kobel
79%
Borussia Dortmund Jude Bellingham
78%
Eintracht Frankfurt Kevin Trapp
78%
Bayer Leverkusen Patrik Schick
78%
Bayern Munich Lucas Hernandez
77%
Bayer Leverkusen Lukáš Hrádecký
77%
Borussia Dortmund Mats Hummels
76%
Borussia Dortmund Donyell Malen
75%
Borussia Dortmund Raphaël Guerreiro
75%
Borussia Dortmund Marco Reus
74%
RB Leipzig Péter Gulácsi
74%
Bayern Munich Jamal Musiala
73%
Borussia Dortmund Thomas Meunier
73%
RB Leipzig Willi Orbán
71%
RB Leipzig Dani Olmo
70%
Bayer Leverkusen Jonathan Tah
70%
RB Leipzig André Silva
69%
RB Leipzig Christopher Nkunku
68%
Bayer Leverkusen Edmond Tapsoba
68%
Borussia Mönchengladbach Marcus Thuram
68%
Borussia Dortmund Nico Schlotterbeck
68%
Bayer Leverkusen Jeremie Frimpong
67%
RB Leipzig Kevin Kampl
66%
Wolfsburg Koen Casteels
64%
Bayer Leverkusen Moussa Diaby
63%
Borussia Mönchengladbach Ramy Bensebaini
63%
Borussia Mönchengladbach Alassane Pléa
62%
RB Leipzig Lukas Klostermann
62%
Bayer Leverkusen Piero Hincapié
62%
Bayer Leverkusen Exequiel Palacios
61%
Borussia Dortmund Karim Adeyemi
61%
Hoffenheim Andrej Kramarić
60%
Werder Bremen Niclas Füllkrug
60%
Freiburg Vincenzo Grifo
60%
Borussia Mönchengladbach Jonas Hofmann
59%
Bochum Philipp Hofmann
59%
Hoffenheim Oliver Baumann
58%
Werder Bremen Jiří Pavlenka
57%
Borussia Mönchengladbach Nico Elvedi
57%
Freiburg Mark Flekken
55%
Eintracht Frankfurt Djibril Sow
54%
Eintracht Frankfurt Filip Kostić
54%
Stuttgart Wataru Endo
54%
Eintracht Frankfurt Mario Götze
53%
Eintracht Frankfurt Rafael Borré
53%
Union Berlin Sheraldo Becker
53%
Stuttgart Silas Katompa Mvumpa
53%
Eintracht Frankfurt Evan Ndicka
52%
Stuttgart Konstantinos Mavropanos
52%
Freiburg Matthias Ginter
51%
Köln Ellyes Skhiri
50%
Mainz Lee Jae-sung
50%
RB Leipzig Marcel Halstenberg
50%
Eintracht Frankfurt Tuta
50%
Borussia Mönchengladbach Ko Itakura
48%
Union Berlin Frederik Rønnow
47%
Eintracht Frankfurt Jesper Lindstrøm
47%
Borussia Mönchengladbach Kouadio Koné
47%
Bayer Leverkusen Robert Andrich
47%
Borussia Mönchengladbach Joe Scally
45%
Freiburg Michael Gregoritsch
45%
Stuttgart Hiroki Ito
44%
Köln Jonas Hector
44%
Augsburg Rafał Gikiewicz
44%
Freiburg Roland Sallai
44%
Bayer Leverkusen Kerem Demirbay
43%
Freiburg Christian Günter
42%
Borussia Mönchengladbach Christoph Kramer
42%
Hoffenheim Ozan Kabak
42%
RB Leipzig David Raum
41%
Wolfsburg Maxence Lacroix
41%
Freiburg Ritsu Dōan
41%
Borussia Mönchengladbach Florian Neuhaus
40%
Werder Bremen Marvin Ducksch
40%
Eintracht Frankfurt Sebastian Rode
40%
Borussia Dortmund Youssoufa Moukoko
40%
Köln Florian Kainz
39%
Freiburg Philipp Lienhart
39%
Augsburg Ermedin Demirović
38%
Wolfsburg Omar Marmoush
38%
Hertha BSC Dodi Lukebakio
37%
Borussia Dortmund Mahmoud Dahoud
37%
Union Berlin Christopher Trimmel
36%
Wolfsburg Maximilian Arnold
36%
Bochum Manuel Riemann
35%
Köln Marvin Schwäbe
34%
RB Leipzig Benjamin Henrichs
33%
Hoffenheim Christoph Baumgartner
33%
Mainz Karim Onisiwo
33%
Mainz Robin Zentner
33%
Stuttgart Saša Kalajdžić
33%
Hertha BSC Kevin-Prince Boateng
32%
Schalke 04 Maya Yoshida
32%
Schalke 04 Rodrigo Zalazar
32%
Union Berlin Diogo Leite
31%
Wolfsburg Felix Nmecha
31%
Werder Bremen Marco Friedl
31%
Hoffenheim Pavel Kadeřábek
31%
Wolfsburg Ridle Baku
31%
Stuttgart Tiago Tomás
31%
Stuttgart Waldemar Anton
31%
Schalke 04 Alexander Schwolow
30%
Eintracht Frankfurt Almamy Touré
30%
Bochum Gerrit Holtmann
30%
Werder Bremen Miloš Veljković
30%
Bochum Takuma Asano
30%
Hertha BSC Jonjoe Kenny
29%
Hertha BSC Oliver Christensen
29%
Hoffenheim Robert Skov
29%
Schalke 04 Alex Král
28%
Hertha BSC Davie Selke
28%
Bayer Leverkusen Karim Bellarabi
28%
Wolfsburg Sebastiaan Bornauw
28%
Hoffenheim Diadie Samassékou
27%
Augsburg Jeffrey Gouweleeuw
27%
Hoffenheim Kevin Vogt
27%
Wolfsburg Mattias Svanberg
27%
Wolfsburg Micky van de Ven
27%
Freiburg Nicolas Höfler
27%
Wolfsburg Patrick Wimmer
27%
Union Berlin Rani Khedira
27%
Hoffenheim Georginio Rutter
26%
Schalke 04 Marcin Kamiński
26%
Union Berlin Robin Knoche
26%
Augsburg Arne Maier
25%
Bochum Cristian Gamboa
25%
Werder Bremen Jens Stage
25%
Wolfsburg Josip Brekalo
25%
Union Berlin Julian Ryerson
25%
Werder Bremen Leonardo Bittencourt
25%
Union Berlin Jordan Siebatcheu
24%
Freiburg Maximilian Eggestein
24%
Schalke 04 Thomas Ouwejan
24%
Bochum Anthony Losilla
23%
Union Berlin Genki Haraguchi
23%
Hertha BSC Marvin Plattenhardt
23%
Werder Bremen Mitchell Weiser
23%
Mainz Aarón Martín
22%
Augsburg Iago
22%
Bochum Kevin Stöger
22%
Eintracht Frankfurt Ansgar Knauff
21%
Schalke 04 Cédric Brunner
21%
Bochum Ivan Ordets
21%
Hoffenheim Stefan Posch
21%
Köln Benno Schmitz
20%
Augsburg André Hahn
19%
Köln Dejan Ljubicic
19%
Freiburg Kiliann Sildillia
19%
Werder Bremen Christian Groß
18%
Bochum Kostas Stafylidis
18%
Schalke 04 Sebastian Polter
18%
Werder Bremen Amos Pieper
17%
Augsburg Carlos Gruezo
17%
Mainz Edimilson Fernandes
17%
Hertha BSC Marc-Oliver Kempf
17%
Werder Bremen Anthony Jung
16%
Augsburg Felix Uduokhai
16%
Union Berlin Janik Haberer
16%
Köln Luca Kilian
16%
Mainz Alexander Hack
15%
Mainz Dominik Kohr
15%
Hoffenheim Grischa Prömel
15%
Hertha BSC Suat Serdar
15%
Mainz Anton Stach
14%
Stuttgart Chris Führich
14%
Köln Julian Chabot
14%
Bochum Erhan Mašović
13%
RB Leipzig Hugo Novoa
13%
Schalke 04 Tom Krauß
13%
Köln Jan Thielmann
12%
Augsburg Maximilian Bauer
12%
Hertha BSC Filip Uremović
10%
Hertha BSC Ivan Šunjić
10%
Stuttgart Josha Vagnoman
10%
Mainz Maxim Leitsch
10%
Hertha BSC Myziane Maolida
9%
Mainz Angelo Fulgini
8%
Schalke 04 Dominick Drexler
8%
Köln Florian Dietz
8%
Augsburg Daniel Caligiuri
7%
Stuttgart Naouirou Ahamada
7%
Union Berlin Paul Jaeckel
7%
Bochum Simon Zoller
7%
Augsburg Elvis Rexhbeçaj
6%
Schalke 04 Tobias Mohr
5%
Köln Kingsley Schindler
4%
No matching quizzes found
Score Distribution
Percent of People with Each Score
Percentile by Number Answered
Your Score History
You have not taken this quiz